000 01513cam a2200313 a 4500
001 1596810
005 20211206184201.0
008 940519s1994 enka b 001 0 eng
010 _a 94019884
020 _a1857530640 :
_c£25.00 ($40.00 U.S.)
040 _aDLC
_cDLC
_dDLC
050 0 0 _aUG447.8
_b.D36 1994
082 0 0 _a358.38
_220
_bDAN
100 1 _aDando, Malcolm.
_985797
245 1 0 _aBiological warfare in the 21st century :
_bbiotechnology and the proliferation of biological weapons /
_cMalcolm Dando.
250 _a1st English ed.
260 _aLondon ;
_aNew York :
_bBrassey's ;
_aNY [New York] :
_bDistributed in North America by Macmillan Pub. Co.,
_c1994.
300 _axiii, 258 p. :
_bill. ;
_c24 cm.
504 _aIncludes bibliographical references and index.
505 2 _aAppendices (p. 234-246): 1. The 1972 Biological weapons convention -- 2. Australia Group export controls in the UK.
650 0 _aBiological weapons.
_985798
650 0 _aBiological arms control.
_985799
650 0 _aWorld politics
_y1989-
_985800
730 0 _aConvention on the Prohibition of the Development, Production, and Stockpiling of Bacteriological (Biological) and Toxin Weapons and on Their Destruction
_d(1972)
_985801
740 0 _aBiological warfare in the twenty-first century.
906 _a7
_bcbc
_corignew
_d1
_eocip
_f19
_gy-gencatlg
942 _2ddc
_cBK
999 _c587115
_d587115